| 000 | 00874nam a22002177a 4500 | ||
|---|---|---|---|
| 999 |
_c176222 _d176222 |
||
| 005 | 20201204121315.0 | ||
| 010 | _aENG-128613 | ||
| 020 |
_a978-93-5287-906-9 _c695.00 |
||
| 035 | _aEN-112145 | ||
| 037 | _bDBAD/PUB | ||
| 082 | _a302.2310954 | ||
| 100 | _a | ||
| 245 |
_aDiginaka: Subaltern Politics and Digital Media in Post-Capitalist India/ _cedited by Anjali Monteiro, K. P. Jayasankar and Amit S. Rai |
||
| 260 |
_aTelangana _bOrient Blackswan Private Limited _c2020 |
||
| 270 |
_bTelangana _e500029 _a3-6-752, Himayatnagar, Hyderabad _minfo@orientblackswan.com |
||
| 300 |
_axv+276p. _c22cm(pbk) _bincluding index. |
||
| 700 | _aMonteiro, Anjali, Ed. | ||
| 700 | _aJayasankar, K. P., Ed. | ||
| 700 | _aRai, Amit S., Ed. | ||
| 942 |
_2ddc _cEN _h302.2310954 _mDIG |
||